00787nam a2200205 a 4500008004100000020001500041050001700056100002300073245003700096260003500133300001600168350000900184490005000193650004100243650001300284710005600297995008600353999001700439952012500456120416s1996 ||||||||||||||||| || u a1857300440 aBOE(08)HCB/4 aScott, Christopher10aInternal audit in a Central Bank aLondon:bBank of Englandc1996 a33p. : ill. a0.00 aBank of England. Handbooks in Central Banking aBANKS AND BANKING, CENTRAL--AUDITING aAUDITING aBank of England. Centre for Central Banking Studies D0.00FCBU-MAIN LIBRARY (Kitwe)H1I0.00M1UAVAILABLEZInternational Publications c47258d47258 00102lcc4070a001b001cInternational Publicationsd2022-11-30l0oBOE(08)HCB/4pZ019269r2022-11-30w2022-11-30y002